[Event "XX Festival A"]
[Site "Porto San Giorgio ITA"]
[Date "2008.08.29"]
[Round "9"]
[White "Ortega, Lexy"]
[Black "Calzetta Ruiz, Monica"]
[Result "1-0"]
[WhiteElo "2456"]
[BlackElo "2264"]
[PlyCount "81"]
[EventDate "2008.08.21"]

1. d4 Nf6 2. Nf3 g6 3. Nc3 d5 4. Bf4 Bg7 5. e3 O-O 6. Be2 b6 7. Ne5 Bb7 8. h4
c5 9. h5 Nc6 10. hxg6 hxg6 11. Bb5 Qc8 12. Bxc6 Bxc6 13. Qf3 cxd4 14. exd4 b5
15. g4 b4 16. Nd1 Ba4 17. Ne3 Rd8 18. Qh3 Rd6 19. O-O-O Ra6 20. Kb1 Qf8 21. f3
Rc8 22. Rd2 Qd8 23. Bh6 Qa5 24. Bxg7 Nh5 25. Rdh2 Bxc2+ 26. Rxc2 Qxa2+ 27. Kc1
Rxc2+ 28. Nxc2 b3 29. gxh5 bxc2 30. Qc8+ Kxg7 31. Qxc2 Qa1+ 32. Qb1 Qa4 33.
hxg6 f6 34. Rh7+ Kg8 35. Qf5 Qa1+ 36. Kc2 Qa4+ 37. Kc3 Qa5+ 38. Kd3 Qb5+ 39.
Ke3 Qb3+ 40. Nd3 Rc6 41. Qd7 1-0

[Event "XX Festival A"]
[Site "Porto San Giorgio ITA"]
[Date "2008.08.29"]
[Round "9"]
[White "Parpinel, Marco"]
[Black "Boscolo, Marco"]
[Result "0-1"]
[WhiteElo "2159"]
[BlackElo "2071"]
[PlyCount "136"]
[EventDate "2008.08.21"]

1. e4 d5 2. exd5 Qxd5 3. Nc3 Qd6 4. Nf3 Bg4 5. Bc4 e6 6. O-O Nf6 7. a4 Be7 8.
b4 O-O 9. Ba3 Qd8 10. h3 Bh5 11. Re1 Nbd7 12. Bf1 c6 13. g4 Bg6 14. Bg2 Nd5 15.
Nxd5 cxd5 16. d3 Rc8 17. c4 dxc4 18. dxc4 Nb6 19. c5 Nc4 20. Qb3 Nxa3 21. Qxa3
a5 22. Rad1 Qc7 23. Ne5 Rfd8 24. Nc4 axb4 25. Qxb4 Bxc5 26. Qb3 Qf4 27. Ne3 b6
28. Rxd8+ Rxd8 29. Rd1 Rxd1+ 30. Qxd1 Qd4 31. Qxd4 Bxd4 32. Nc4 Kf8 33. a5 b5
34. Nd6 b4 35. a6 Bd3 36. Bf1 Bxf1 37. Kxf1 b3 38. Nc4 Ke7 39. Ke2 f6 40. f4 e5
41. Kd3 Ke6 42. Ke4 Kd7 43. fxe5 fxe5 44. a7 Bxa7 45. Kxe5 Be3 46. Ke4 Bc1 47.
Kd5 b2 48. Na3 Ke7 49. Ke5 Kf7 50. Kf5 Bd2 51. Nb1 Bb4 52. h4 Be7 53. h5 g6+
54. hxg6+ hxg6+ 55. Ke5 Bg5 56. Kd5 Bf4 57. Ke4 Bc7 58. Nd2 Kf6 59. Nb1 Kg5 60.
Kf3 Kh4 61. Nd2 Kh3 62. Nb1 g5 63. Nd2 Ba5 64. Nb1 Bb4 65. Kf2 Kxg4 66. Kg2 Kh4
67. Kh2 g4 68. Kg2 g3 0-1

[Event "XX Festival A"]
[Site "Porto San Giorgio ITA"]
[Date "2008.08.29"]
[Round "9"]
[White "Peredy, Ferenc"]
[Black "Trent, Lawrence"]
[Result "0-1"]
[WhiteElo "2251"]
[BlackElo "2470"]
[PlyCount "142"]
[EventDate "2008.08.21"]

1. e4 e5 2. Nf3 Nc6 3. Nc3 Nf6 4. g3 d5 5. exd5 Nxd5 6. Bg2 Nxc3 7. bxc3 Be7 8.
Qe2 O-O 9. O-O Bf6 10. Bb2 Re8 11. d3 Bf5 12. Nd2 Qd7 13. Rfe1 Rad8 14. Ne4 Be7
15. Qe3 Be6 16. Nc5 Bxc5 17. Qxc5 Bd5 18. Bxd5 Qxd5 19. Qxd5 Rxd5 20. c4 Rdd8
21. Re2 f6 22. Bc3 Kf7 23. Rb1 b6 24. f3 g5 25. Kf2 h5 26. Rbe1 Re7 27. Re4
Rde8 28. Kg2 a6 29. Kf2 Re6 30. R4e2 R6e7 31. Re4 Re6 32. R4e2 g4 33. h3 gxf3
34. Kxf3 b5 35. cxb5 axb5 36. a3 Ra8 37. Bb2 Ree8 38. Re4 Reb8 39. R1e2 b4 40.
axb4 Rxb4 41. Rxb4 Nxb4 42. Bc3 Nd5 43. Be1 Ra1 44. Bd2 Rd1 45. Ba5 Rf1+ 46.
Rf2 Ra1 47. Bd2 Ke6 48. Re2 c5 49. Bh6 Nc3 50. Rf2 f5 51. Bd2 Ra3 52. Bxc3 Rxc3
53. Ke3 Ra3 54. Rf1 c4 55. Rb1 cxd3 56. cxd3 e4 57. Rb6+ Ke7 58. g4 Rxd3+ 59.
Kf4 Rf3+ 60. Ke5 fxg4 61. hxg4 e3 62. Rb7+ Kd8 63. Rb1 hxg4 64. Re1 Ke7 65. Kd4
Kf6 66. Rxe3 Rf1 67. Ra3 Kg5 68. Ra8 Re1 69. Kd3 Kh4 70. Kd2 Re5 71. Ra3 g3 0-1

[Event "XX Festival A"]
[Site "Porto San Giorgio ITA"]
[Date "2008.08.29"]
[Round "9"]
[White "Piscitelli, Vito"]
[Black "Borgiani, Flavio"]
[Result "1/2-1/2"]
[WhiteElo "2003"]
[BlackElo "2215"]
[PlyCount "62"]
[EventDate "2008.08.21"]

1. e4 c5 2. Nc3 e6 3. f4 Nc6 4. Nf3 a6 5. a4 Qc7 6. d3 Rb8 7. g3 Nge7 8. Bg2 b5
9. axb5 axb5 10. O-O g6 11. e5 Bg7 12. Ne4 O-O 13. Be3 f5 14. Nxc5 d6 15. exd6
Qxd6 16. d4 Nd5 17. Bf2 b4 18. Nd3 Nf6 19. Nde5 Bb7 20. Nd2 Ng4 21. Nxg4 fxg4
22. Nc4 Qc7 23. Ne5 Nxe5 24. dxe5 Bxg2 25. Kxg2 h5 26. Kg1 Rfd8 27. Qe2 Qc6 28.
Rfd1 Bf8 29. Rd3 Rdc8 30. Rd2 Ra8 31. Rad1 Rc7 1/2-1/2

[Event "XX Festival A"]
[Site "Porto San Giorgio ITA"]
[Date "2008.08.29"]
[Round "9"]
[White "Piva, Giorgio"]
[Black "Liguori, Renato"]
[Result "0-1"]
[WhiteElo "2167"]
[BlackElo "2103"]
[PlyCount "76"]
[EventDate "2008.08.21"]

1. d4 Nf6 2. Bf4 g6 3. e3 Bg7 4. Be2 O-O 5. Nf3 d6 6. O-O Nbd7 7. h3 Qe8 8. c4
e5 9. Bh2 Qe7 10. Nc3 c6 11. Rc1 Re8 12. Re1 h6 13. b4 a5 14. a3 axb4 15. axb4
e4 16. Nd2 Nf8 17. c5 d5 18. Qb3 N6h7 19. b5 Qg5 20. Bf4 Qf6 21. bxc6 bxc6 22.
Ra1 Rxa1 23. Rxa1 Ne6 24. Be5 Qg5 25. Bxg7 Kxg7 26. Nf1 Nef8 27. Kh2 Qh4 28.
Ng3 Nf6 29. Ra8 Bxh3 30. Rxe8 Bd7+ 31. Kg1 Bxe8 32. Qb6 Ne6 33. Ba6 Bd7 34. Bb7
Ng5 35. Bxc6 Bh3 36. Nxd5 Bxg2 37. Nxf6 Nf3+ 38. Kxg2 Qh2+ 0-1

[Event "XX Festival A"]
[Site "Porto San Giorgio ITA"]
[Date "2008.08.29"]
[Round "9"]
[White "Rinaudo, Sergio"]
[Black "Saccona, Silvano"]
[Result "1/2-1/2"]
[WhiteElo "2116"]
[BlackElo "2168"]
[PlyCount "50"]
[EventDate "2008.08.21"]

1. d4 c6 2. Nf3 d5 3. e3 Bg4 4. Bd3 Nd7 5. c4 e6 6. O-O Ngf6 7. Nbd2 Be7 8. b3
O-O 9. Bb2 a5 10. h3 Bh5 11. Qc2 Bg6 12. Bxg6 hxg6 13. e4 dxe4 14. Nxe4 Nxe4
15. Qxe4 Nf6 16. Qc2 a4 17. Rfd1 Qc7 18. Rac1 axb3 19. axb3 Ba3 20. Ra1 Bxb2
21. Qxb2 Qf4 22. Rxa8 Rxa8 23. Ra1 Rd8 24. Qa3 Qc7 25. Qb4 Qb8 1/2-1/2

[Event "XX Festival A"]
[Site "Porto San Giorgio ITA"]
[Date "2008.08.29"]
[Round "9"]
[White "Rotoni, Matteo"]
[Black "Vezzani, Stefano"]
[Result "1/2-1/2"]
[WhiteElo "2089"]
[BlackElo "2161"]
[PlyCount "70"]
[EventDate "2008.08.21"]

1. e4 d6 2. d4 Nf6 3. Nc3 e5 4. dxe5 dxe5 5. Qxd8+ Kxd8 6. Bg5 Be6 7. g3 Be7 8.
f4 h6 9. O-O-O+ Kc8 10. Bxf6 Bxf6 11. Nd5 Bd8 12. Nf3 c6 13. f5 Bd7 14. Ne3 f6
15. g4 Be7 16. h4 Kc7 17. Bd3 Bc5 18. Kd2 Na6 19. g5 hxg5 20. hxg5 Kd6 21. Ng4
Ke7 22. Nh4 Be8 23. gxf6+ gxf6 24. Ng6+ Bxg6 25. fxg6 Nc7 26. Rdf1 Ne6 27. Rxh8
Rxh8 28. Rxf6 Rh2+ 29. Nxh2 Kxf6 30. Ng4+ Kxg6 31. Nxe5+ Kg5 32. Nd7 Bd6 33.
Ke3 Nc5 34. Nxc5 Bxc5+ 35. Kf3 Kf6 1/2-1/2

[Event "XX Festival A"]
[Site "Porto San Giorgio ITA"]
[Date "2008.08.29"]
[Round "9"]
[White "Stromboli, Ettore"]
[Black "Rinaudo, Andrea"]
[Result "1-0"]
[WhiteElo "2300"]
[BlackElo "2118"]
[PlyCount "57"]
[EventDate "2008.08.21"]

1. e4 c5 2. Nf3 Nc6 3. d4 cxd4 4. Nxd4 e5 5. Nb5 d6 6. N1c3 a6 7. Na3 b5 8. Nd5
Nf6 9. Bg5 Be7 10. Bxf6 Bxf6 11. c3 O-O 12. Nc2 Bg5 13. a4 bxa4 14. Rxa4 a5 15.
Bc4 Bd7 16. Ra2 a4 17. O-O Na5 18. Bd3 Nb3 19. Nce3 Nc5 20. Bc2 g6 21. Qf3 Kh8
22. Rd1 Bc6 23. Nc4 Qb8 24. Nb4 Bd7 25. Nxd6 Be6 26. Ra3 Be7 27. Nc6 Qxb2 28.
Nxe7 Qxa3 29. Qf6# 1-0

[Event "XX Festival A"]
[Site "Porto San Giorgio ITA"]
[Date "2008.08.29"]
[Round "9"]
[White "Tugui, Adrian"]
[Black "Stromboli, Carlo"]
[Result "1/2-1/2"]
[WhiteElo "2375"]
[BlackElo "2263"]
[PlyCount "115"]
[EventDate "2008.08.21"]

1. d4 Nf6 2. Bg5 Ne4 3. Bh4 c6 4. Nd2 Nxd2 5. Qxd2 d6 6. e4 g6 7. Bg5 Qb6 8.
O-O-O h6 9. Be3 Bg7 10. Ne2 a5 11. Nc3 a4 12. Be2 Qc7 13. a3 Bd7 14. f4 Qa5 15.
e5 b5 16. Ne4 Bf5 17. Ng3 Bd7 18. Qxa5 Rxa5 19. exd6 exd6 20. Bd2 Ra8 21. Bb4
d5 22. f5 Na6 23. fxg6 fxg6 24. Bd3 Kf7 25. Rhf1+ Bf6 26. Bd6 Rae8 27. Be5 Re6
28. Rf2 Ke7 29. Rxf6 Rxf6 30. Bxg6 Rxg6 31. Bxh8 h5 32. Re1+ Kd8 33. Re2 h4 34.
Nf1 Nc7 35. Rf2 h3 36. g3 Ne6 37. Nd2 Ke7 38. Nf3 Rg8 39. Nh4 Be8 40. Be5 Kd7
41. Rf6 Ng5 42. Bf4 Ne6 43. Be5 Ng5 44. Kd1 Ne4 45. Rh6 Nf2+ 46. Ke2 Ng4 47.
Rh7+ Ke6 48. Nf3 Bg6 49. Rxh3 Bxc2 50. Bf4 Bd1+ 51. Kxd1 Nf2+ 52. Ke2 Nxh3 53.
Be3 Kf5 54. Kd3 Re8 55. Ke2 Rg8 56. Kd3 Re8 57. Nh4+ Kf6 58. Nf3 1/2-1/2

[Event "XX Festival A"]
[Site "Porto San Giorgio ITA"]
[Date "2008.08.29"]
[Round "9"]
[White "Vuelban, Virgilio"]
[Black "Mrdja, Milan"]
[Result "1-0"]
[WhiteElo "2263"]
[BlackElo "2409"]
[PlyCount "70"]
[EventDate "2008.08.21"]

1. d4 Nf6 2. c4 e6 3. Nf3 b6 4. Nc3 Bb4 5. Bg5 Bb7 6. e3 h6 7. Bh4 Bxc3+ 8.
bxc3 d6 9. Nd2 Nbd7 10. f3 Qe7 11. Bd3 g5 12. Bf2 e5 13. Qc2 O-O-O 14. O-O-O d5
15. cxd5 Nxd5 16. Kb1 Kb8 17. Rhe1 f6 18. e4 Nf4 19. Bf1 h5 20. Nb3 h4 21. Rd2
h3 22. g3 Ng2 23. Red1 Rhe8 24. g4 c6 25. Bxg2 hxg2 26. Bg3 a5 27. Rxg2 Ka7 28.
Rgd2 Ba6 29. Qb2 a4 30. Na1 c5 31. Nc2 Rc8 32. dxe5 Nxe5 33. Bxe5 Qxe5 34. Rd7+
Rc7 35. R1d6 Kb8 1-0

[Event "XXXV C.to Italiano femminile"]
[Site "Bratto - Castione della Presolana ITA"]
[Date "2008.08.22"]
[Round "1"]
[White "Ambrosi, Eleonora"]
[Black "Messina, Roberta"]
[Result "1/2-1/2"]
[WhiteElo "2160"]
[BlackElo "1904"]
[PlyCount "146"]
[EventDate "2008.08.22"]

1. e4 c5 2. Nf3 d6 3. Bb5+ Bd7 4. Bxd7+ Qxd7 5. O-O Nc6 6. c3 Nf6 7. d4 cxd4 8.
cxd4 Nxe4 9. d5 Ne5 10. Re1 Nf6 11. Nxe5 dxe5 12. Nc3 Rd8 13. Rxe5 g6 14. Bg5
Bg7 15. Qe2 h6 16. Re1 O-O 17. Rxe7 Qc8 18. Be3 Nxd5 19. Nxd5 Rxd5 20. Rc1 Qd8
21. Rxb7 a5 22. g3 Qd6 23. Qf3 Qe6 24. Rcc7 Rf5 25. Qc6 Qxa2 26. Kg2 h5 27. Rc8
Qd5+ 28. Qxd5 Rxd5 29. Rxf8+ Bxf8 30. Rb8 Kg7 31. Ra8 Bb4 32. Kf3 Bd2 33. Bb6
Bb4 34. Ke4 Rd7 35. Bd4+ f6 36. Ra6 Rd6 37. Ra7+ Kg8 38. Ra8+ Kf7 39. Ra7+ Ke6
40. Rg7 f5+ 41. Ke3 Kd5 42. b3 Be1 43. Kd3 Bb4 44. Rb7 Kc6 45. Rb6+ Kd5 46.
Rxd6+ Bxd6 47. Bb6 Bb4 48. Bd8 Be1 49. f3 Bb4 50. Ke2 Bc3 51. Kd3 Bb4 52. Bg5
Bd6 53. Bd2 Bb4 54. Bc1 Bc5 55. Bb2 Bd6 56. Ke3 Bb4 57. Ke2 Bc5 58. h3 Bd6 59.
Bc3 Bb4 60. Bf6 Bd6 61. Bd8 Bb4 62. Kd3 Be1 63. g4 hxg4 64. hxg4 fxg4 65. fxg4
Ke5 66. Bg5 Kd5 67. Bf6 Kc5 68. Be7+ Kd5 69. Ke3 Ke5 70. Bd8 Bb4 71. Bc7+ Kd5
72. Kd3 Be1 73. Bb6 Bb4 1/2-1/2

[Event "XXXV C.to Italiano femminile"]
[Site "Bratto - Castione della Presolana ITA"]
[Date "2008.08.22"]
[Round "1"]
[White "Brunello, Marina"]
[Black "Fittante, Giuliana"]
[Result "1-0"]
[WhiteElo "2072"]
[BlackElo "1833"]
[PlyCount "49"]
[EventDate "2008.08.22"]

1. e4 Nf6 2. e5 Nd5 3. d4 d6 4. c4 Nb6 5. exd6 exd6 6. Nc3 Be7 7. Bd3 Nc6 8.
Nf3 Bg4 9. Be3 Bf6 10. Be2 Qe7 11. O-O Bxf3 12. Bxf3 Nxc4 13. Qa4 Nb6 14. Bxc6+
Kf8 15. Qc2 bxc6 16. Ne4 d5 17. Nd2 Qd6 18. Rac1 Ke7 19. Rfe1 Kd7 20. Nb3 Rhb8
21. Nc5+ Kd8 22. Qxh7 Qf8 23. Qf5 Be7 24. Bg5 Bxg5 25. Ne6+ 1-0

[Event "XXXV C.to Italiano femminile"]
[Site "Bratto - Castione della Presolana ITA"]
[Date "2008.08.22"]
[Round "1"]
[White "Capuano, Francesca"]
[Black "Zanaboni, Alessandra"]
[Result "1-0"]
[WhiteElo "1911"]
[BlackElo "1581"]
[PlyCount "37"]
[EventDate "2008.08.22"]

1. d4 d5 2. Nf3 Nf6 3. Bf4 Bg4 4. e3 e6 5. Nbd2 c5 6. h3 Bh5 7. g4 Bg6 8. Bxb8
Rxb8 9. Bb5+ Ke7 10. dxc5 Qa5 11. Bd3 Kd8 12. Ke2 Qxc5 13. Nb3 Qc7 14. a4 Bd6
15. Rc1 a6 16. c4 dxc4 17. Bxc4 Qd7 18. Qd4 Qxa4 19. Qxd6+ 1-0

[Event "XXXV C.to Italiano femminile"]
[Site "Bratto - Castione della Presolana ITA"]
[Date "2008.08.22"]
[Round "1"]
[White "Chiarion, Elisa"]
[Black "De Rosa, Mariagrazia"]
[Result "0-1"]
[WhiteElo "1897"]
[BlackElo "2083"]
[PlyCount "82"]
[EventDate "2008.08.22"]

1. e4 c5 2. Nf3 d6 3. d4 cxd4 4. Nxd4 Nf6 5. Nc3 a6 6. Be2 e6 7. O-O Be7 8. a4
Qc7 9. Be3 Nc6 10. Kh1 O-O 11. f4 Re8 12. Bf3 Rb8 13. Qe1 Na5 14. Qg3 Nc4 15.
Bc1 Bf8 16. b3 Na5 17. Bb2 Qb6 18. Nde2 Nc4 19. Nd5 exd5 20. Bd4 Qd8 21. bxc4
dxe4 22. Bxf6 Qxf6 23. Bh5 Qf5 24. Qg5 Qxg5 25. fxg5 g6 26. Ng3 gxh5 27. Nxh5
Bg7 28. Rae1 Bd7 29. Ng3 Bc6 30. Nf5 Rbd8 31. Ng3 Re6 32. Re2 Rde8 33. Rb1 Re5
34. h4 h6 35. gxh6 Bxh6 36. Rb3 f5 37. Nh5 Kf7 38. Rb1 Rg8 39. Kh2 Rg4 40. Kh3
e3 41. Rf1 Rxc4 0-1

[Event "XXXV C.to Italiano femminile"]
[Site "Bratto - Castione della Presolana ITA"]
[Date "2008.08.22"]
[Round "1"]
[White "Greco, Sara"]
[Black "Brunello, Roberta"]
[Result "1-0"]
[WhiteElo "1715"]
[BlackElo "1939"]
[PlyCount "93"]
[EventDate "2008.08.22"]

1. e4 e5 2. Nf3 Nc6 3. Bc4 Bc5 4. c3 Nf6 5. d3 d6 6. O-O a6 7. Be3 Ba7 8. Nbd2
O-O 9. b4 Be6 10. a3 Qe7 11. Bxa7 Rxa7 12. Qc2 Nh5 13. d4 Bxc4 14. Nxc4 Raa8
15. Ne3 Nf4 16. Nd5 Qd7 17. Rad1 Nxg2 18. Kh1 Qh3 19. Qe2 f5 20. Rg1 Nf4 21.
Nxf4 exf4 22. exf5 Qxf5 23. Rg5 Qf6 24. Rdg1 g6 25. Nh4 Ne7 26. Qh5 Kg7 27. Qg4
d5 28. Qd7 Rf7 29. Qg4 Kf8 30. Nf3 h6 31. Re5 Nc6 32. Re6 Qf5 33. Qxg6 Qxg6 34.
Rexg6 Ke7 35. Rxh6 Re8 36. Rg5 Kd8 37. Rxd5+ Kc8 38. Ne5 Rf5 39. Rh7 Ne7 40.
Rc5 b6 41. Rc4 Nd5 42. Rc6 b5 43. Nd3 f3 44. h4 Re2 45. Nc5 Rf8 46. Rxa6 Nb6
47. Ra7 1-0

[Event "XXXV C.to Italiano femminile"]
[Site "Bratto - Castione della Presolana ITA"]
[Date "2008.08.22"]
[Round "1"]
[White "Leone, Clarissa"]
[Black "Arnetta, Maria Teresa"]
[Result "0-1"]
[WhiteElo "1793"]
[BlackElo "2011"]
[PlyCount "52"]
[EventDate "2008.08.22"]

1. d4 d5 2. Nf3 Nc6 3. Bf4 Bg4 4. Nbd2 e6 5. e3 Bd6 6. Bg3 Nf6 7. Bh4 e5 8. h3
Bh5 9. g4 Bg6 10. Bb5 exd4 11. Nxd4 O-O 12. Nxc6 bxc6 13. Bxc6 Rb8 14. Rb1 Bb4
15. a3 Qd6 16. Ba4 Bxd2+ 17. Qxd2 Ne4 18. Qa5 Rb6 19. Bb3 Nc5 20. Bg3 Qc6 21.
Rd1 Nxb3 22. cxb3 Rxb3 23. Qxd5 Qxd5 24. Rxd5 Be4 25. Rd4 Bxh1 26. e4 Bf3 0-1

[Event "XXXV C.to Italiano femminile"]
[Site "Bratto - Castione della Presolana ITA"]
[Date "2008.08.22"]
[Round "1"]
[White "Panella, Fiammetta"]
[Black "Di Cerbo, Giulia"]
[Result "1/2-1/2"]
[WhiteElo "2019"]
[BlackElo "1795"]
[PlyCount "53"]
[EventDate "2008.08.22"]

1. e4 e6 2. d3 d5 3. Nd2 Nf6 4. Ngf3 c5 5. g3 Nc6 6. Bg2 Be7 7. O-O O-O 8. Re1
b6 9. e5 Nd7 10. Nf1 Bb7 11. Bf4 Re8 12. h4 f6 13. Bh3 Nf8 14. c3 d4 15. c4
fxe5 16. Nxe5 Nxe5 17. Bxe5 Bf6 18. Bg2 Bxg2 19. Kxg2 Ng6 20. Bxf6 Qxf6 21. Qe2
Re7 22. h5 Nf8 23. Rab1 a5 24. Nd2 Nd7 25. Rh1 Rf8 26. Rbe1 e5 27. f3 1/2-1/2

[Event "XXXV C.to Italiano femminile"]
[Site "Bratto - Castione della Presolana ITA"]
[Date "2008.08.22"]
[Round "1"]
[White "Reginato, Sabrina"]
[Black "Chierici, Marianna"]
[Result "0-1"]
[WhiteElo "1808"]
[BlackElo "2037"]
[PlyCount "56"]
[EventDate "2008.08.22"]

1. e4 c5 2. Nf3 Nc6 3. d4 cxd4 4. Nxd4 e5 5. Nb5 d6 6. a4 Be6 7. N1c3 a6 8. Na3
Be7 9. Be3 Bg5 10. Qd2 Bxe3 11. Qxe3 Nf6 12. h3 O-O 13. Rd1 Qc7 14. Bd3 Nd4 15.
O-O Nh5 16. f4 Qc5 17. f5 Ne2+ 18. Kf2 Nxc3 19. bxc3 Qxa3 20. fxe6 fxe6+ 21.
Kg1 Qxa4 22. Qb6 Qc6 23. Qb3 Nf4 24. Rb1 b5 25. Kh2 d5 26. exd5 Qxd5 27. Qxd5
exd5 28. Rfe1 e4 0-1

[Event "XXXV C.to Italiano femminile"]
[Site "Bratto - Castione della Presolana ITA"]
[Date "2008.08.22"]
[Round "1"]
[White "Tonel, Giulia"]
[Black "Monticone, Sonia"]
[Result "1-0"]
[WhiteElo "1983"]
[BlackElo "1787"]
[PlyCount "58"]
[EventDate "2008.08.22"]

1. e4 c5 2. Nf3 e6 3. c3 d5 4. exd5 Qxd5 5. d4 Nf6 6. Na3 cxd4 7. Nb5 Qd8 8.
cxd4 a6 9. Nc3 Be7 10. Bd3 Nc6 11. O-O Bd7 12. a3 O-O 13. Qe2 Qc7 14. Rd1 Rac8
15. Bg5 Rfe8 16. Rac1 Qd8 17. Bb1 b5 18. Qd3 g6 19. h4 Na5 20. Ne5 Nc4 21. Qe2
Nb6 22. Qf3 Rf8 23. Bh6 Nc4 24. Bxf8 Qxf8 25. Nxc4 Rxc4 26. Ba2 Rc8 27. Ne4 Qg7
28. Rxc8+ Bxc8 29. Rc1 Bd7 1-0

[Event "XXXV C.to Italiano femminile"]
[Site "Bratto - Castione della Presolana ITA"]
[Date "2008.08.23"]
[Round "2"]
[White "Arnetta, Maria Teresa"]
[Black "Greco, Sara"]
[Result "1-0"]
[WhiteElo "2011"]
[BlackElo "1715"]
[PlyCount "73"]
[EventDate "2008.08.22"]

1. d4 Nf6 2. Nc3 d5 3. Bg5 Nc6 4. Bxf6 exf6 5. e3 Ne7 6. Nf3 c6 7. Bd3 Ng6 8.
O-O Bd6 9. e4 dxe4 10. Nxe4 Bc7 11. Re1 O-O 12. c4 Nf4 13. Ng3 Bg4 14. Re3 Qd7
15. h3 Be6 16. Bf1 Rad8 17. Qc2 Ng6 18. Rd1 Qc8 19. Rc3 Qb8 20. Ne4 Nf4 21. b4
Rfe8 22. a4 Bc8 23. b5 cxb5 24. axb5 Ba5 25. Rb3 b6 26. Ng3 Bb7 27. d5 Rc8 28.
Nd4 Bxd5 29. Qf5 Bb7 30. Nh5 Nxh5 31. Qxh5 Re5 32. Qg4 Re4 33. Qd7 Rc7 34. Qd6
Qc8 35. Nf5 h6 36. Rg3 Qxf5 37. Qxc7 1-0

[Event "XXXV C.to Italiano femminile"]
[Site "Bratto - Castione della Presolana ITA"]
[Date "2008.08.23"]
[Round "2"]
[White "Chierici, Marianna"]
[Black "Capuano, Francesca"]
[Result "1/2-1/2"]
[WhiteElo "2037"]
[BlackElo "1911"]
[PlyCount "84"]
[EventDate "2008.08.22"]

1. e4 d6 2. d4 Nf6 3. Nc3 e5 4. Nf3 Nbd7 5. Bc4 Be7 6. O-O O-O 7. Re1 c6 8. a4
b6 9. Bg5 a6 10. Bxf6 Bxf6 11. d5 c5 12. Qd2 g6 13. Bf1 Bg7 14. Reb1 h6 15. g3
f5 16. Nh4 Rf6 17. Bh3 Nf8 18. b4 f4 19. Bxc8 Qxc8 20. Kg2 Nh7 21. f3 h5 22.
bxc5 Qxc5 23. Nd1 Rc8 24. c3 Nf8 25. Qe2 a5 26. Rb5 Qc7 27. Rab1 Nd7 28. Rc1
fxg3 29. hxg3 Bh6 30. Rc2 Bg5 31. Nb2 Bxh4 32. gxh4 Rf4 33. Qf2 Qd8 34. Qg3 Kh7
35. Qg5 Rxh4 36. Qxd8 Rxd8 37. Nc4 g5 38. Nxd6 g4 39. Nf5 gxf3+ 40. Kxf3 Rh3+
41. Kg2 Rd3 42. Kh1 Rh3+ 1/2-1/2

[Event "XXXV C.to Italiano femminile"]
[Site "Bratto - Castione della Presolana ITA"]
[Date "2008.08.23"]
[Round "2"]
[White "De Rosa, Mariagrazia"]
[Black "Tonel, Giulia"]
[Result "1-0"]
[WhiteElo "2083"]
[BlackElo "1983"]
[PlyCount "105"]
[EventDate "2008.08.22"]

1. e4 c5 2. Nf3 Nc6 3. Nc3 d6 4. d4 cxd4 5. Nxd4 e5 6. Nf5 Be6 7. Ne3 Be7 8.
Bc4 Nf6 9. O-O O-O 10. Ned5 Rc8 11. Nxf6+ Bxf6 12. Bd5 a6 13. a4 b6 14. Be3 Nb4
15. Rc1 h6 16. Qd2 Bxd5 17. Nxd5 Nxd5 18. Qxd5 Qc7 19. Rfd1 Rfd8 20. Rd3 Bg5
21. Bxg5 hxg5 22. Rf3 Qe7 23. c3 Rc5 24. Qd3 a5 25. Rd1 Qe6 26. h3 Qb3 27. Qd2
f6 28. Ra1 d5 29. Rd3 b5 30. Rd1 Qxa4 31. Rxd5 Rcxd5 32. exd5 Qb3 33. d6 Kf8
34. d7 a4 35. Qd6+ Kf7 36. Rd2 Qe6 37. Qc7 Qe7 38. Qc6 b4 39. Qxa4 bxc3 40.
bxc3 Qe6 41. Qb5 e4 42. Kf1 e3 43. fxe3 Qxe3 44. Qd5+ Kf8 45. Qd6+ Kf7 46. Re2
Qf4+ 47. Qxf4 gxf4 48. Rd2 Ke6 49. Ke2 Rxd7 50. Rxd7 Kxd7 51. h4 Kd6 52. Kf3
Ke5 53. h5 1-0

[Event "XXXV C.to Italiano femminile"]
[Site "Bratto - Castione della Presolana ITA"]
[Date "2008.08.23"]
[Round "2"]
[White "Di Cerbo, Giulia"]
[Black "Ambrosi, Eleonora"]
[Result "0-1"]
[WhiteElo "1795"]
[BlackElo "2160"]
[PlyCount "94"]
[EventDate "2008.08.22"]

1. d4 d5 2. Nf3 Nc6 3. Bf4 Bg4 4. e3 f6 5. Be2 Qd7 6. Nbd2 O-O-O 7. c4 e6 8. a3
Nce7 9. Rc1 dxc4 10. Nxc4 g5 11. Bg3 Nf5 12. Qc2 Nxg3 13. hxg3 Bf5 14. Qc3 Kb8
15. b4 Bd6 16. Nxd6 Qxd6 17. O-O h5 18. Bb5 Ne7 19. Qc5 h4 20. Qxd6 cxd6 21.
gxh4 g4 22. Nd2 Rxh4 23. g3 Rh5 24. Kg2 d5 25. Rh1 Rdh8 26. Rxh5 Rxh5 27. Rh1
Rxh1 28. Kxh1 Kc7 29. Kg1 Kb6 30. Be2 Nc8 31. Nf1 Nd6 32. Nh2 Nc4 33. a4 Bc2
34. a5+ Kb5 35. Nxg4 f5 36. Ne5 Kxb4 37. Nd7 Kxa5 38. Nc5 b5 39. Nxe6 b4 40.
Nc5 b3 41. Nxb3+ Bxb3 42. Bd3 Nd6 43. Kg2 Kb4 44. f3 Bd1 45. Ba6 Kc3 46. Kf2
Kd2 47. f4 Ne4+ 0-1

[Event "XXXV C.to Italiano femminile"]
[Site "Bratto - Castione della Presolana ITA"]
[Date "2008.08.23"]
[Round "2"]
[White "Fittante, Giuliana"]
[Black "Brunello, Roberta"]
[Result "1-0"]
[WhiteElo "1833"]
[BlackElo "1939"]
[PlyCount "120"]
[EventDate "2008.08.22"]

1. d4 d5 2. Nf3 e6 3. Bf4 Nf6 4. e3 c5 5. c3 Nc6 6. Bd3 Bd6 7. Bg3 b6 8. Nbd2
Bb7 9. Qe2 Qc7 10. Bxd6 Qxd6 11. O-O O-O 12. Rad1 Rad8 13. Bc2 Rfe8 14. e4 dxe4
15. Nxe4 Nxe4 16. Qxe4 f5 17. Qh4 cxd4 18. Nxd4 Nxd4 19. Rxd4 Qc7 20. Rfd1 Rxd4
21. Qxd4 Qc6 22. f3 e5 23. Qd7 g6 24. Bb3+ Kh8 25. Qf7 Qc5+ 26. Kh1 Qe7 27. Rd7
Qxf7 28. Bxf7 Rb8 29. Kg1 a5 30. Kf2 Bc6 31. Rd6 Rc8 32. Ke3 Kg7 33. Be6 Rc7
34. g3 Kf8 35. Bb3 b5 36. Bd5 Bd7 37. Ra6 a4 38. Ra8+ Ke7 39. a3 Kd6 40. Bg8
Bc6 41. Rd8+ Kc5 42. Be6 Re7 43. Bg8 g5 44. Kf2 f4 45. g4 e4 46. fxe4 Bxe4 47.
Rd4 Bc6 48. Rd3 f3 49. Rd2 h6 50. h3 Bb7 51. Ba2 Bc6 52. Bg8 Re8 53. Bf7 Re7
54. Bg8 Re4 55. Ba2 h5 56. gxh5 Rh4 57. Be6 Rxh5 58. Rd4 Rh7 59. Rg4 Kd6 60.
Bf5 Ke5 1-0

[Event "XXXV C.to Italiano femminile"]
[Site "Bratto - Castione della Presolana ITA"]
[Date "2008.08.23"]
[Round "2"]
[White "Messina, Roberta"]
[Black "Panella, Fiammetta"]
[Result "1/2-1/2"]
[WhiteElo "1904"]
[BlackElo "2019"]
[PlyCount "67"]
[EventDate "2008.08.22"]

1. e4 c5 2. Nf3 e6 3. d4 cxd4 4. Nxd4 a6 5. c4 Nf6 6. Nc3 Bb4 7. Bd3 Nc6 8. a3
Bxc3+ 9. bxc3 Ne5 10. O-O Qc7 11. Qe2 b6 12. Bf4 d6 13. Nf3 Nfd7 14. Rfd1 O-O
15. Nxe5 dxe5 16. Be3 f5 17. exf5 exf5 18. f3 Bb7 19. Qc2 g6 20. Bh6 Rf6 21.
Qd2 Nc5 22. Qg5 Rf7 23. Bc2 Ne6 24. Qg3 Re8 25. Ba4 Rc8 26. Rab1 Nc5 27. Bc2
Re8 28. Qg5 Ne6 29. Qg3 Nc5 30. h4 Kh8 31. Qg5 Ne6 32. Qe3 Nc5 33. Qg5 Ne6 34.
Qe3 1/2-1/2

[Event "XXXV C.to Italiano femminile"]
[Site "Bratto - Castione della Presolana ITA"]
[Date "2008.08.23"]
[Round "2"]
[White "Monticone, Sonia"]
[Black "Leone, Clarissa"]
[Result "1/2-1/2"]
[WhiteElo "1787"]
[BlackElo "1793"]
[PlyCount "63"]
[EventDate "2008.08.22"]

1. c4 e6 2. d4 d5 3. Nc3 Nf6 4. Nf3 Be7 5. e3 Nbd7 6. cxd5 exd5 7. Bd3 c6 8. b3
O-O 9. O-O Re8 10. Bb2 Bf8 11. Rc1 Ne4 12. Bb1 f5 13. Nd2 Qg5 14. Ne2 Bd6 15.
Nf3 Qh6 16. g3 Ndf6 17. Bc3 g5 18. Bd3 f4 19. exf4 gxf4 20. Bd2 Bg4 21. Bxf4
Qh5 22. Nh4 Bxf4 23. f3 Be3+ 24. Kg2 Bxc1 25. Qxc1 Ng5 26. fxg4 Qxg4 27. Rxf6
Rxe2+ 28. Bxe2 Qxe2+ 29. Rf2 Qe4+ 30. Nf3 Ne6 31. Qd2 Rf8 32. Qd1 1/2-1/2